00495nam a2200193 a 4500001001300000003000900013005001700022008004100039020001000080082002000090100002900110245003400139260002800173300000900201500003500210505001000245650001700255700002900272nice12345678IN_TiNIC20260116013558.0050524s1994 lona grp 000 0 eng  ac10000a305.480297bMOG aMoghadam, Valentine M Ed aGender and National Indentity aLondonbZed Booksc1994 a180p aincludes index and biblioraphy2 aIndex aMuslim Women1 aMoghadam, Valentine M Ed